Arrêt du t80 à Grenoble - Statistiques

Statistiques générales
  • Ce quiz a été pris 51 fois
  • Le résultat moyen est 14 sur 29
Statistiques - réponses
Villes Réponse % Correct
Grenoble Verdun - Préfecture
88%
Saint-Ismier COLLEGE GRESIVAUDAN
75%
Montbonnot-Saint-Martin LA GARE
75%
Saint-Ismier GARE
72%
Grenoble HOTEL DE VILLE-CHANRION
72%
Crolles LE BROCEY (STADE)
72%
Meylan Lycée du Grésivaudan - Bachais
72%
Saint-Ismier LE MEMORIAL
63%
Saint-Nazaire-les-Eymes LES RATZ
63%
Saint-Ismier LES MARECHAUX
59%
Grenoble Bir Hakeim
53%
Montbonnot-Saint-Martin LES EVEQUAUX
53%
Meylan Faculté de Pharmacie
50%
La Tronche Sablons
50%
Bernin VILLAGE
50%
Bernin CROIX DES VARVOUX
44%
Meylan La Revirée
44%
Crolles PONT DE BERNIN
44%
Saint-Nazaire-les-Eymes LES EYMES RD1090
41%
Meylan Plaine Fleurie
41%
Saint-Ismier CHATEAU RANDON
38%
Bernin LES VARVOUX
38%
Meylan Saint-Mury
38%
Crolles LA CROIX DES AYES
34%
Meylan Les Jaillières
31%
Meylan Aiguinards-Hexagone
28%
Meylan La Détourbe
28%
Montbonnot-Saint-Martin LES CLAVERINS RD1090
22%
Montbonnot-Saint-Martin AV. DU GENERAL DE GAULLE
13%
Aucun quiz correspondant
Distribution des résultats
% des personnes avec chaque résultat
Percentile par nombre de réponses
Votre historique - résultats
Vous n’avez pas pris ce quiz